000 00449nam a2200157Ia 4500
008 140316s9999 xx 000 0 und d
020 _a9789381450024
082 _a551.6
_bSAH/CL
100 _aSahoo,A K
245 _aClimate mitigation and carbon finance : global initiatives and challenges
260 _aNew Delhi
_bNew India publishing agency
_c2012
300 _a164
650 _aCarbon market
650 _aReforestation
942 _2ddc
_cBK
999 _c14696
_d14696